=LDR 00000nam 2200000 4500 =001 NUTBA000000000002809 =005 20140630115458.0 =006 =007 =008 =020 ##$$a 978-979-2441-56-7 =035 ##$$a 0010-061400000000752 =040 ##$$a NBPDMAT =082 ##$$a 665.756 =090 ##$$a 665.756 $b Sam s =245 ##$$a Sampah sebagai energi alternatif / $c Penyunting Bachtiar DM, Ulfah Hidayati, Rizka Maghfur =250 ##$$a Cet.3 =260 ##$$a Jakarta : $b Citra Unggul Laksana, $c 2011 =300 ##$$a 56 hlm. : $b ilus. ; $c 21 cm. =650 ##$$a Biogas Dari Sampah =700 ##$$a Bachtiar DM =850 ##$$a NBPDMAT =990 ##$$a 21403167